00547nam a2200217Ia 450000500170000000800460001702000180006303700100008104000080009104000080009904000080010704100080011504100080012308400080013110000100013924500400014926000310018926000090022065000220022985600780025120260306153853.0008 260114s9999 xx 000 0 eng d a9780748654680 aEBOOK aCRL beng cCRL 2eng aeng qCRL aOnazi 0aHuman Rights from Community 1st ed bEdinburgh University Press c2013 aPolitical Science uhttps://www.cambridge.org/core/product/identifier/9780748654680/type/BOOK